LEADER 02257oas 2200949 a 450 001 9910146791203321 005 20251114213013.0 011 $a1873-5169 035 $a(DE-599)ZDB2019194-7 035 $a(DE-599)2019194-7 035 $a(OCoLC)39127299 035 $a(CONSER) 2003233954 035 $a(CKB)954925491893 035 $a(EXLCZ)99954925491893 100 $a19980515a19809999 sy a 101 0 $aeng 135 $aurmnu|||||||| 181 $ctxt$2rdacontent 182 $cc$2rdamedia 183 $acr$2rdacarrier 200 10$aPeptides 210 $aKidlington, Oxford $cElsevier Science Ltd 215 $a1 online resource 300 $aRefereed/Peer-reviewed 311 08$a0196-9781 606 $aPeptides$xPhysiological effect$vPeriodicals 606 $aPeptides$vPeriodicals 606 $aPeptides 606 $aPeptides$vperiodicals 606 $aPeptides$xEffets physiologiques$vPe?riodiques 606 $aPeptides$xPhysiological effect$2fast$3(OCoLC)fst01057572 606 $aPeptide$2gnd 606 $aZeitschrift$2gnd 606 $aOnline-Ressource$2gnd 608 $aPeriodicals.$2fast 615 0$aPeptides$xPhysiological effect 615 2$aPeptides 615 2$aPeptides. 615 2$aPeptides 615 6$aPeptides$xEffets physiologiques 615 7$aPeptides$xPhysiological effect. 615 7$aPeptide 615 7$aZeitschrift. 615 7$aOnline-Ressource 801 0$bOH1 801 1$bOH1 801 2$bOCL 801 2$bOCLCQ 801 2$bGUA 801 2$bOCLCQ 801 2$bU9S 801 2$bGUA 801 2$bOCLCQ 801 2$bOCLCO 801 2$bOCLCQ 801 2$bOCLCF 801 2$bPFM 801 2$bCUI 801 2$bVT2 801 2$bEUW 801 2$bOCLCQ 801 2$bDEFHM 801 2$bOCLCO 801 2$bOCLCA 801 2$bBUF 801 2$bU3W 801 2$bEZC 801 2$bAU@ 801 2$bOCLCO 801 2$bWYU 801 2$bUKMGB 801 2$bOCLCO 801 2$bTKN 801 2$bOCLCO 801 2$bOCLCQ 801 2$bUAB 801 2$bOCLCA 801 2$bOCLCQ 906 $aJOURNAL 912 $a9910146791203321 996 $aPeptides$9379086 997 $aUNINA